00406nam a2200133 a 4500008004100000050001400041110003800055245003500093260005200128300001200180350000900192650003600201650003500237101026s1974 ||||||||||||||||| || u aZSI(08)ZS aZambian Standards Institute (ZSI)10aMealie meal: maize roller meal aLusakabZambian Standards Institute (ZSI)c1974 aii, 8p. a0.00 aCORN AS FOOD--STANDARDS--ZAMBIA aMEALIE MEAL--STANDARDS--ZAMBIA